| 000 | 00823nam a22002897a 4500 | ||
|---|---|---|---|
| 005 | 20180116133634.0 | ||
| 008 | 180116b xxu||||| |||| 00| 0 spa d | ||
| 041 | _aspa | ||
| 082 | _a1.0.56 R173v | ||
| 100 |
_aRamírez Cavassa, Cersar _945366 |
||
| 245 | _aVisión integral del turismo:fenómeno dinámico universal | ||
| 260 | _aMéxico | ||
| 260 | _bTrillas | ||
| 260 | _c2006 | ||
| 300 | _a239 páginas | ||
| 650 |
_aTURISMO _9894 |
||
| 650 |
_aPAZ _945367 |
||
| 650 |
_aDESARROLLO TURÍSTICO _95393 |
||
| 650 |
_aPRODUCTO TURÍSTICO _9931 |
||
| 650 |
_aPOLÍTICA TURÍSTICA _926536 |
||
| 650 |
_aIMPACTO AMBIENTAL _91662 |
||
| 650 |
_aIMPACTO SOCIOLÓGICO | _945368 |
||
| 650 |
_aFACTOR HUMANO _945369 |
||
| 650 |
_aCONSUMO TURÍSTICO _945370 |
||
| 650 |
_aOFERTA TURÍSTICA _91914 |
||
| 942 | _cBK | ||
| 999 |
_c10270 _d10270 |
||